[Event "Hastings Challengers 1989/90"]
[Site "Hastings"]
[Date "1989.12.31"]
[Round "4"]
[White "Ledger, Andrew J"]
[Black "Wojtkiewicz, Aleksander"]
[Result "0-1"]
[WhiteElo "2225"]
[BlackElo "2475"]
[PlyCount "62"]
[EventDate "1989.12.28"]
[EventType "swiss"]
[EventRounds "10"]
[EventCountry "ENG"]
[SourceTitle "BritBase"]
[Source "John Saunders"]
[SourceDate "2024.12.03"]
[SourceVersion "1"]
[SourceVersionDate "2024.12.03"]
[SourceQuality "1"]

1. Nf3 c5 2. g3 b6 3. Bg2 Bb7 4. O-O Nf6 5. d3 e6 6. e4 d6 7. Nbd2 Be7 8. Re1 Nc6 9. e5 dxe5 10. Nxe5 Rc8 11. Ndc4 O-O 12. a4 Nd5 13. c3 Nxe5 14. Nxe5 Qc7 15. Qb3 Nf6 16. Bxb7 Qxb7 17. c4 Rfd8 18. a5 Ne8 19. Bd2 Nd6 20. axb6 axb6 21. Bc3 Nf5 22. Qd1 b5 23. cxb5 Qxb5 24. Nxf7 Kxf7 25. Qh5+ Kg8 26. Rxe6 Qxd3 27. g4 Nd4 28. Bxd4 g6 29. Rxe7 gxh5 30. Rg7+ Kf8 31. Raa7 Qb1+ 0-1

[Event "Hastings Challengers 1989/90"]
[Site "Hastings"]
[Date "1990.01.01"]
[Round "5"]
[White "Gallagher, Joseph G"]
[Black "Farago, Ivan"]
[Result "1-0"]
[WhiteElo "2445"]
[BlackElo "2495"]
[PlyCount "89"]
[EventDate "1989.12.28"]
[EventType "swiss"]
[EventRounds "10"]
[EventCountry "ENG"]
[SourceTitle "BritBase"]
[Source "John Saunders"]
[SourceDate "2024.12.03"]
[SourceVersion "1"]
[SourceVersionDate "2024.12.03"]
[SourceQuality "1"]

1. e4 e6 2. d4 d5 3. Nc3 Bb4 4. e5 Ne7 5. a3 Bxc3+ 6. bxc3 c5 7. Qg4 O-O 8. Bd3 Nd7 9. Nf3 f5 10. Qh3 Qa5 11. Bd2 Nb6 12. Qh4 Ng6 13. Qh5 Nf4 14. Bxf4 Qxc3+ 15. Ke2 c4 16. Bd2 cxd3+ 17. cxd3 Qc7 18. Ng5 g6 19. Qh4 Qg7 20. Nh3 Re8 21. Bg5 Bd7 22. Bf6 g5 23. Nxg5 Qg6 24. g4 f4 25. Nh3 Bb5 26. Kf3 Qxd3+ 27. Kxf4 Nd7 28. Qg5+ Qg6 29. Qxg6+ hxg6 30. Ng5 Rf8 31. Nxe6 Nxf6 32. Nxf8 g5+ 33. Kf5 Ne4 34. Ng6 Re8 35. e6 Nxf2 36. Rhe1 Ne4 37. Rxe4 Bd3 38. Kxg5 Bxe4 39. Nf4 b5 40. Rc1 a5 41. Rc7 Rb8 42. Nh5 b4 43. axb4 axb4 44. Nf6+ Kh8 45. e7 {Sources: bulletin; CHESS, March 1990, Vol.54/12, p25} 1-0

[Event "Hastings Challengers 1989/90"]
[Site "Hastings"]
[Date "1990.01.01"]
[Round "5"]
[White "Kosten, Anthony C"]
[Black "Flear, Glenn C"]
[Result "1/2-1/2"]
[WhiteElo "2500"]
[BlackElo "2435"]
[PlyCount "52"]
[EventDate "1989.12.28"]
[EventType "swiss"]
[EventRounds "10"]
[EventCountry "ENG"]
[SourceTitle "BritBase"]
[Source "John Saunders"]
[SourceDate "2024.12.03"]
[SourceVersion "1"]
[SourceVersionDate "2024.12.03"]
[SourceQuality "1"]

1. e4 e5 2. Nf3 Nc6 3. Bb5 a6 4. Ba4 Nf6 5. Qe2 Be7 6. O-O b5 7. Bb3 O-O 8. c3 d6 9. Rd1 Be6 10. d4 Bxb3 11. axb3 exd4 12. cxd4 Re8 13. Be3 d5 14. e5 Ne4 15. Nc3 f5 16. Rac1 Nb4 17. Ne1 Rf8 18. f3 Ng5 19. Nd3 Nxd3 20. Qxd3 Ne6 21. Ne2 f4 22. Bf2 Qd7 23. Qc2 Rfd8 24. Qc6 Kf7 25. Rc2 a5 26. Rdc1 a4 1/2-1/2

[Event "Hastings Challengers 1989/90"]
[Site "Hastings"]
[Date "1990.01.01"]
[Round "5"]
[White "Payen, Arnaud"]
[Black "Plaskett, H James"]
[Result "0-1"]
[WhiteElo "2240"]
[BlackElo "2460"]
[PlyCount "66"]
[EventDate "1989.12.28"]
[EventType "swiss"]
[EventRounds "10"]
[EventCountry "ENG"]
[SourceTitle "BritBase"]
[Source "John Saunders"]
[SourceDate "2024.12.03"]
[SourceVersion "1"]
[SourceVersionDate "2024.12.03"]
[SourceQuality "1"]

1. e4 c5 2. Nf3 d6 3. d4 cxd4 4. Nxd4 Nf6 5. Nc3 Nc6 6. Bg5 e6 7. Qd2 a6 8. O-O-O Bd7 9. f4 b5 10. Qe1 h6 11. Bh4 Be7 12. e5 Nd5 13. Bxe7 Ndxe7 14. Nxc6 Bxc6 15. Rxd6 Qa5 16. a3 Rc8 17. Bd3 O-O 18. Rg1 Qb6 19. g4 b4 20. Nb1 Nd5 21. f5 Rb8 22. a4 Qc5 23. b3 Rbc8 24. Nd2 Qd4 25. Nc4 Bxa4 26. Rg3 Bb5 27. Qe4 Qa1+ 28. Kd2 Nc3 29. Qe1 Nb1+ 30. Kd1 Bxc4 31. Bxc4 Rxc4 32. bxc4 Na3+ 33. Kd2 Nxc4+ 0-1

[Event "Hastings Challengers 1989/90"]
[Site "Hastings"]
[Date "1990.01.01"]
[Round "5"]
[White "Sahl, Bjarke Barth"]
[Black "Hebden, Mark L"]
[Result "1/2-1/2"]
[WhiteElo "2385"]
[BlackElo "2520"]
[PlyCount "88"]
[EventDate "1989.12.28"]
[EventType "swiss"]
[EventRounds "10"]
[EventCountry "ENG"]
[SourceTitle "BritBase"]
[Source "John Saunders"]
[SourceDate "2024.12.03"]
[SourceVersion "1"]
[SourceVersionDate "2024.12.03"]
[SourceQuality "1"]

1. d4 Nf6 2. Nf3 g6 3. g3 Bg7 4. Bg2 O-O 5. O-O d6 6. b3 c6 7. Bb2 Qa5 8. Re1 Qh5 9. e4 Bg4 10. Nbd2 Nbd7 11. Nf1 d5 12. exd5 Nxd5 13. c4 Nb4 14. a3 Na6 15. Rxe7 Rad8 16. Re1 Ne5 17. Re3 Nc5 18. N1d2 Ned3 19. Bc3 Rfe8 20. Qe2 Rxe3 21. Qxe3 Kf8 22. Ne5 Nxe5 23. dxe5 b6 24. Bd4 Ne6 25. Bb2 Nc5 26. Ne4 Rd3 27. Qe1 Rxb3 28. Nf6 Qf5 29. Bd4 Ne6 30. Be3 Bxf6 31. exf6 Qxf6 32. Bxc6 h5 33. h4 Nd4 34. Bd5 Rxe3 35. Qxe3 Ne2+ 36. Kh2 Qxa1 37. f3 Qb2 38. fxg4 Nd4+ 39. Kh3 hxg4+ 40. Kxg4 Nf5 41. Qf3 Qd4+ 42. Kh3 Qe3 43. g4 Qxf3+ 44. Bxf3 Ne3 1/2-1/2

[Event "Hastings Challengers 1989/90"]
[Site "Hastings"]
[Date "1990.01.01"]
[Round "5"]
[White "Smagin, Sergey"]
[Black "McNab, Colin Anderson"]
[Result "0-1"]
[WhiteElo "2535"]
[BlackElo "2435"]
[PlyCount "72"]
[EventDate "1989.12.28"]
[EventType "swiss"]
[EventRounds "10"]
[EventCountry "ENG"]
[SourceTitle "BritBase"]
[Source "John Saunders"]
[SourceDate "2024.12.03"]
[SourceVersion "1"]
[SourceVersionDate "2024.12.03"]
[SourceQuality "1"]

1. e4 g6 2. d4 d6 3. f4 Nf6 4. Nc3 Bg7 5. Nf3 c5 6. dxc5 Qa5 7. Bd3 Qxc5 8. Qe2 O-O 9. Be3 Qa5 10. O-O Bg4 11. Qe1 Nc6 12. Kh1 Rac8 13. Ng5 h6 14. Nf3 Nb4 15. Nd4 Nxd3 16. cxd3 Qa6 17. Qd2 Bd7 18. h3 Kh7 19. Rad1 Nh5 20. Nde2 Ba4 21. Rc1 Bb5 22. Rfd1 f5 23. exf5 gxf5 24. Nxb5 Qxb5 25. b3 a6 26. Bf2 Qd5 27. Qe3 Bf6 28. Kh2 e5 29. fxe5 Bg5 30. Qb6 Bxc1 31. Rxc1 Rxc1 32. Nxc1 Nf4 33. Kg3 dxe5 34. Kh4 Nxg2+ 35. Kg3 Rg8+ 36. Kh2 Nf4 0-1

[Event "Hastings Challengers 1989/90"]
[Site "Hastings"]
[Date "1990.01.01"]
[Round "5"]
[White "Sorensen, Jan"]
[Black "Bykhovsky, Avigdor"]
[Result "1-0"]
[WhiteElo "2335"]
[BlackElo "2485"]
[PlyCount "91"]
[EventDate "1989.12.28"]
[EventType "swiss"]
[EventRounds "10"]
[EventCountry "ENG"]
[SourceTitle "BritBase"]
[Source "John Saunders"]
[SourceDate "2024.12.03"]
[SourceVersion "1"]
[SourceVersionDate "2024.12.03"]
[SourceQuality "1"]

1. e4 e6 2. d4 d5 3. Nd2 Nf6 4. e5 Nfd7 5. c3 c5 6. Bd3 b6 7. Nh3 Ba6 8. Bxa6 Nxa6 9. Nf4 b5 10. a3 Qb6 11. Nf3 h6 12. h4 Nab8 13. Be3 a5 14. h5 Nc6 15. Nh4 c4 16. Qg4 Nd8 17. O-O Ra6 18. Ne2 Nc6 19. f4 Ne7 20. Rf3 f5 21. exf6 Nxf6 22. Qh3 Rg8 23. f5 Nxh5 24. Ng6 Nf6 25. Nxe7 Bxe7 26. Nf4 b4 27. Qg3 exf5 28. Qg6+ Kd8 29. Qxf5 Qd6 30. axb4 g5 31. Ng6 axb4 32. Re1 Re8 33. Ne5 Kc7 34. cxb4 Nd7 35. b5 Rb6 36. Qh7 Bf6 37. Rxf6 Re7 38. Rxd6 Rxh7 39. Rxd5 Nf6 40. Rc5+ Kb7 41. Rxc4 Rxb5 42. Re2 Re7 43. Rec2 Nd5 44. Bf2 Rb6 45. Nd3 Rf6 46. Rc5 1-0

[Event "Hastings Challengers 1989/90"]
[Site "Hastings"]
[Date "1990.01.01"]
[Round "5"]
[White "Wojtkiewicz, Aleksander"]
[Black "Wolff, Patrick G"]
[Result "1/2-1/2"]
[WhiteElo "2475"]
[BlackElo "2505"]
[PlyCount "43"]
[EventDate "1989.12.28"]
[EventType "swiss"]
[EventRounds "10"]
[EventCountry "ENG"]
[SourceTitle "BritBase"]
[Source "John Saunders"]
[SourceDate "2024.12.03"]
[SourceVersion "1"]
[SourceVersionDate "2024.12.03"]
[SourceQuality "1"]

1. Nf3 g6 2. c4 Bg7 3. d4 f5 4. g3 Nf6 5. Bg2 d6 6. O-O O-O 7. Nc3 Nc6 8. b3 e5 9. dxe5 dxe5 10. Ba3 Re8 11. e4 Nd4 12. exf5 Bxf5 13. Rc1 Bg4 14. Re1 Qd7 15. Nb5 Qf5 16. Nfxd4 exd4 17. Rxe8+ Rxe8 18. Qxd4 Re2 19. Rf1 c6 20. Nd6 Qa5 21. Qc5 Qa6 22. Bc1 1/2-1/2

[Event "Hastings Challengers 1989/90"]
[Site "Hastings"]
[Date "1990.01.02"]
[Round "6"]
[White "Burgess, Graham K"]
[Black "Sher, Miron Naumovich"]
[Result "0-1"]
[WhiteElo "2350"]
[BlackElo "2470"]
[PlyCount "80"]
[EventDate "1989.12.28"]
[EventType "swiss"]
[EventRounds "10"]
[EventCountry "ENG"]
[SourceTitle "BritBase"]
[Source "John Saunders"]
[SourceDate "2024.12.03"]
[SourceVersion "1"]
[SourceVersionDate "2024.12.03"]
[SourceQuality "1"]

1. d4 e6 2. c4 Nf6 3. Nf3 d5 4. Nc3 dxc4 5. e4 Bb4 6. Bg5 c5 7. Bxc4 cxd4 8. Nxd4 Nbd7 9. Qb3 Qa5 10. Bxf6 Nxf6 11. Bb5+ Ke7 12. O-O-O Bxc3 13. bxc3 Nxe4 14. Kc2 a6 15. Bc6 Nc5 16. Qc4 Rd8 17. Nb5 axb5 18. Qxc5+ Kf6 19. Rxd8 Qxd8 20. f4 h6 21. Bf3 Rxa2+ 22. Kb1 Rd2 23. Qxb5 Qd6 24. Be4 b6 25. Rf1 Ke7 26. Kc1 Bd7 27. Qc4 b5 28. Qb3 Re2 29. Bf3 Qd2+ 30. Kb1 Qd3+ 31. Ka1 Rc2 32. Rd1 Qxc3+ 33. Qxc3 Rxc3 34. Re1 Bc6 35. Bxc6 Rxc6 36. f5 Rc2 37. fxe6 fxe6 38. Rb1 Rxg2 39. Rxb5 Rxh2 40. Rb7+ Kf6 0-1

[Event "Hastings Challengers 1989/90"]
[Site "Hastings"]
[Date "1990.01.02"]
[Round "6"]
[White "Flear, Glenn C"]
[Black "Sahl, Bjarke Barth"]
[Result "1/2-1/2"]
[WhiteElo "2435"]
[BlackElo "2385"]
[PlyCount "62"]
[EventDate "1989.12.28"]
[EventType "swiss"]
[EventRounds "10"]
[EventCountry "ENG"]
[SourceTitle "BritBase"]
[Source "John Saunders"]
[SourceDate "2024.12.03"]
[SourceVersion "1"]
[SourceVersionDate "2024.12.03"]
[SourceQuality "1"]

1. d4 f5 2. g3 Nf6 3. Bg2 g6 4. c3 Bg7 5. Qb3 Nc6 6. Nh3 e5 7. Bxc6 dxc6 8. dxe5 Ne4 9. f4 b6 10. Be3 Qe7 11. Nd2 Be6 12. Qa4 b5 13. Qb4 Qxb4 14. cxb4 Bd5 15. Nxe4 Bxe4 16. Rg1 a5 17. Bc5 Bd5 18. a3 Bf8 19. Bxf8 Rxf8 20. Kd2 Ke7 21. Kc3 Rfd8 22. Rgd1 c5 23. bxc5 b4+ 24. axb4 axb4+ 25. Kxb4 Rab8+ 26. Kc3 Rb3+ 27. Kd2 Bg2+ 28. Kc2 Rdb8 29. Nf2 Rxb2+ 30. Kd3 R8b3+ 31. Kc4 Rb4+ 1/2-1/2

[Event "Hastings Challengers 1989/90"]
[Site "Hastings"]
[Date "1990.01.02"]
[Round "6"]
[White "Hebden, Mark L"]
[Black "Wells, Peter K"]
[Result "1-0"]
[WhiteElo "2520"]
[BlackElo "2400"]
[PlyCount "47"]
[EventDate "1989.12.28"]
[EventType "swiss"]
[EventRounds "10"]
[EventCountry "ENG"]
[SourceTitle "BritBase"]
[Source "John Saunders"]
[SourceDate "2024.12.03"]
[SourceVersion "1"]
[SourceVersionDate "2024.12.03"]
[SourceQuality "1"]

1. d4 Nf6 2. Nf3 e6 3. c4 b6 4. g3 Ba6 5. b3 Bb7 6. Bg2 Bb4+ 7. Bd2 a5 8. O-O O-O 9. Bc3 Ne4 10. Bb2 a4 11. a3 Be7 12. b4 c5 13. Nfd2 f5 14. Nxe4 fxe4 15. d5 Bf6 16. Bxf6 Qxf6 17. Nd2 exd5 18. cxd5 e3 19. Ne4 Qh6 20. bxc5 bxc5 21. Nxc5 exf2+ 22. Kh1 Bc8 23. Qd4 Na6 24. Rxf2 1-0

[Event "Hastings Challengers 1989/90"]
[Site "Hastings"]
[Date "1990.01.02"]
[Round "6"]
[White "Helbig, Paul D"]
[Black "Conquest, Stuart C"]
[Result "0-1"]
[WhiteElo "2245"]
[BlackElo "2515"]
[PlyCount "80"]
[EventDate "1989.12.28"]
[EventType "swiss"]
[EventRounds "10"]
[EventCountry "ENG"]
[SourceTitle "BritBase"]
[Source "John Saunders"]
[SourceDate "2024.12.03"]
[SourceVersion "1"]
[SourceVersionDate "2024.12.03"]
[SourceQuality "1"]

1. c4 f5 2. g3 Nf6 3. Bg2 g6 4. Nc3 Bg7 5. d4 d6 6. Nh3 c6 7. Nf4 e5 8. dxe5 dxe5 9. Qxd8+ Kxd8 10. Nd3 e4 11. Nf4 g5 12. Nh3 h6 13. Bd2 Be6 14. O-O-O Nbd7 15. b3 Re8 16. f3 Kc7 17. Nf2 e3 18. Bxe3 Bxc4 19. Bxg5 hxg5 20. bxc4 Nb6 21. h4 Nfd7 22. Rd3 Nc5 23. Nfd1 Nxc4 24. hxg5 Nxd3+ 25. exd3 Nd6 26. Rh7 Re7 27. Ne3 Kd7 28. Kc2 Bd4 29. Rxe7+ Kxe7 30. Nf1 Kf7 31. f4 Re8 32. g4 Bxc3 33. Kxc3 Re2 34. Bh3 fxg4 35. Bxg4 Rf2 36. Nd2 Rxf4 37. Bh5+ Ke6 38. g6 Kf6 39. Nc4 Nxc4 40. dxc4 Rh4 0-1

[Event "Hastings Challengers 1989/90"]
[Site "Hastings"]
[Date "1990.01.02"]
[Round "6"]
[White "Lane, Gary William"]
[Black "Kosten, Anthony C"]
[Result "0-1"]
[WhiteElo "2385"]
[BlackElo "2500"]
[PlyCount "76"]
[EventDate "1989.12.28"]
[EventType "swiss"]
[EventRounds "10"]
[EventCountry "ENG"]
[SourceTitle "BritBase"]
[Source "John Saunders"]
[SourceDate "2024.12.03"]
[SourceVersion "1"]
[SourceVersionDate "2024.12.03"]
[SourceQuality "1"]

1. e4 e6 2. d4 d5 3. Nd2 c5 4. Ngf3 Nf6 5. exd5 exd5 6. Bb5+ Bd7 7. Bxd7+ Nbxd7 8. O-O Be7 9. dxc5 Nxc5 10. Nd4 Qd7 11. N2b3 Nce4 12. Qf3 O-O 13. Nf5 Bd8 14. Be3 Re8 15. Rfd1 Re5 16. Nbd4 Bb6 17. h3 Rae8 18. c3 g6 19. Ng3 Nxg3 20. Qxg3 Ne4 21. Qf3 Nd6 22. b3 Nf5 23. Nxf5 Rxf5 24. Qg3 Bc7 25. f4 Re4 26. Rd4 Rxd4 27. cxd4 Rf6 28. Rc1 Re6 29. Qf3 Re4 30. f5 Bb6 31. f6 h5 32. Bf2 Qe6 33. Rf1 Kh7 34. Kh1 Bc7 35. Qc3 Bd8 36. Bg1 g5 37. Bh2 Bxf6 38. Qc7 Kg7 0-1

[Event "Hastings Challengers 1989/90"]
[Site "Hastings"]
[Date "1990.01.02"]
[Round "6"]
[White "McNab, Colin Anderson"]
[Black "Wojtkiewicz, Aleksander"]
[Result "1-0"]
[WhiteElo "2435"]
[BlackElo "2475"]
[PlyCount "81"]
[EventDate "1989.12.28"]
[EventType "swiss"]
[EventRounds "10"]
[EventCountry "ENG"]
[SourceTitle "BritBase"]
[Source "John Saunders"]
[SourceDate "2024.12.03"]
[SourceVersion "1"]
[SourceVersionDate "2024.12.03"]
[SourceQuality "1"]

1. c4 c5 2. Nf3 Nf6 3. g3 b6 4. Bg2 Bb7 5. d3 e6 6. e4 d6 7. O-O Be7 8. Nc3 O-O 9. b3 a6 10. Bb2 Qc7 11. Rc1 Re8 12. Re1 Nbd7 13. d4 cxd4 14. Nxd4 Rad8 15. f4 Bf8 16. g4 g6 17. Bf3 h6 18. Nd5 exd5 19. cxd5 Qb8 20. Nc6 Qa8 21. e5 dxe5 22. fxe5 Nh7 23. Nxd8 Qxd8 24. e6 Ndf6 25. exf7+ Kxf7 26. Rxe8 Nxe8 27. Qe2 Bc8 28. Qc4 Ng5 29. Bg2 Nd6 30. Qd4 Qe7 31. Rf1+ Ke8 32. Qxb6 Bxg4 33. Ba3 Ngf7 34. Bb4 Qb7 35. Re1+ Be7 36. Qxb7 Nxb7 37. Rxe7+ Kd8 38. Rxb7 Ne5 39. Ba5+ Kc8 40. Rc7+ Kb8 41. d6 1-0

[Event "Hastings Challengers 1989/90"]
[Site "Hastings"]
[Date "1990.01.02"]
[Round "6"]
[White "Plaskett, H James"]
[Black "Gallagher, Joseph G"]
[Result "0-1"]
[WhiteElo "2460"]
[BlackElo "2445"]
[PlyCount "80"]
[EventDate "1989.12.28"]
[EventType "swiss"]
[EventRounds "10"]
[EventCountry "ENG"]
[SourceTitle "BritBase"]
[Source "John Saunders"]
[SourceDate "2024.12.03"]
[SourceVersion "1"]
[SourceVersionDate "2024.12.03"]
[SourceQuality "1"]

1. e4 e6 2. d4 d5 3. exd5 exd5 4. Nf3 Nf6 5. c4 Be7 6. Nc3 O-O 7. Be3 Be6 8. cxd5 Nxd5 9. Bd3 Nc6 10. O-O Qd7 11. Rc1 Nxc3 12. bxc3 Bf5 13. Bb5 Be4 14. c4 Qf5 15. Ne1 Ba3 16. Rc3 Bb4 17. Rc1 Ba3 18. f3 Bxc1 19. Qxc1 Bd3 20. Rf2 a6 21. g4 Qg6 22. Bxc6 bxc6 23. h4 Rfe8 24. Bf4 Bxc4 25. Bxc7 Re2 26. Ng2 Rxf2 27. Kxf2 Qd3 28. Ne3 Qe2+ 29. Kg3 Bd5 30. Nxd5 cxd5 31. Be5 h6 32. Qc6 Rd8 33. g5 hxg5 34. hxg5 Qb5 35. Qc2 Qc4 36. Qb1 Qb5 37. Qc2 Qc4 38. Qb1 Qc6 39. f4 Rc8 40. Qf5 Qc2 0-1

[Event "Hastings Challengers 1989/90"]
[Site "Hastings"]
[Date "1990.01.03"]
[Round "7"]
[White "Conquest, Stuart C"]
[Black "Lalic, Susan Kathryn"]
[Result "1-0"]
[WhiteElo "2515"]
[BlackElo "2345"]
[PlyCount "63"]
[EventDate "1989.12.28"]
[EventType "swiss"]
[EventRounds "10"]
[EventCountry "ENG"]
[SourceTitle "BritBase"]
[Source "John Saunders"]
[SourceDate "2024.12.03"]
[SourceVersion "1"]
[SourceVersionDate "2024.12.03"]
[SourceQuality "1"]

1. d4 Nf6 2. c4 e6 3. Nc3 Bb4 4. Qc2 O-O 5. a3 Bxc3+ 6. Qxc3 b6 7. f3 Nh5 8. Nh3 f5 9. g3 Bb7 10. Bg2 d6 11. O-O Nd7 12. b4 Nhf6 13. Bb2 Qe7 14. Rfe1 Rac8 15. Rad1 Rfe8 16. Nf2 c5 17. dxc5 bxc5 18. b5 Nb6 19. Qc2 Red8 20. Bh3 Rc7 21. a4 d5 22. cxd5 Nbxd5 23. e4 Nb4 24. Rxd8+ Qxd8 25. Qc4 Kh8 26. Be5 Rc8 27. exf5 Bxf3 28. fxe6 Bd5 29. Qf4 Bb7 30. Bxf6 Qd5 31. e7 Re8 32. Bc3 1-0

[Event "Hastings Challengers 1989/90"]
[Site "Hastings"]
[Date "1990.01.03"]
[Round "7"]
[White "Gallagher, Joseph G"]
[Black "McNab, Colin Anderson"]
[Result "1-0"]
[WhiteElo "2445"]
[BlackElo "2435"]
[PlyCount "111"]
[EventDate "1989.12.28"]
[EventType "swiss"]
[EventRounds "10"]
[EventCountry "ENG"]
[SourceTitle "BritBase"]
[Source "John Saunders"]
[SourceDate "2024.12.03"]
[SourceVersion "1"]
[SourceVersionDate "2024.12.03"]
[SourceQuality "1"]

1. e4 g6 2. d4 d6 3. Nc3 Bg7 4. Nf3 Nf6 5. Be2 O-O 6. O-O Bg4 7. Be3 Nc6 8. d5 Bxf3 9. Bxf3 Ne5 10. Be2 c6 11. a4 Qa5 12. Ra3 cxd5 13. exd5 Ned7 14. Bd4 Rfc8 15. Re1 a6 16. Bf3 Bf8 17. Qd3 Qc7 18. Be2 Ne5 19. Qh3 Qa5 20. Rd1 Nc4 21. Rb3 Qc7 22. Bxc4 Qxc4 23. Bxf6 exf6 24. Rxb7 f5 25. Qd3 Bg7 26. Qxc4 Rxc4 27. Rd3 Re8 28. g3 Bxc3 29. Rxc3 Rxc3 30. bxc3 Re2 31. Rb6 Rxc2 32. Rxd6 Rxc3 33. Rxa6 Rc5 34. d6 Rd5 35. Kf1 Kg7 36. Ke2 h5 37. h4 Kh6 38. Ke3 Kg7 39. Kf4 Kh6 40. Rb6 Kg7 41. Ke3 Kf6 42. Ra6 Ke6 43. a5 Kd7 44. Kf4 f6 45. Ra8 Rxd6 46. a6 Rd4+ 47. Ke3 Ra4 48. a7 Ra3+ 49. Kd4 Ra4+ 50. Kc5 f4 51. Rg8 Rxa7 52. Rg7+ Ke6 53. Rxa7 fxg3 54. fxg3 Kf5 55. Ra4 g5 56. Kd5 1-0

[Event "Hastings Challengers 1989/90"]
[Site "Hastings"]
[Date "1990.01.03"]
[Round "7"]
[White "Kosten, Anthony C"]
[Black "Wolff, Patrick G"]
[Result "1/2-1/2"]
[WhiteElo "2500"]
[BlackElo "2505"]
[PlyCount "80"]
[EventDate "1989.12.28"]
[EventType "swiss"]
[EventRounds "10"]
[EventCountry "ENG"]
[SourceTitle "BritBase"]
[Source "John Saunders"]
[SourceDate "2024.12.03"]
[SourceVersion "1"]
[SourceVersionDate "2024.12.03"]
[SourceQuality "1"]

1. e4 c5 2. Nf3 e6 3. d4 cxd4 4. Nxd4 Nc6 5. Nb5 d6 6. Bf4 e5 7. Be3 Nf6 8. N1c3 a6 9. Na3 Rb8 10. Nd5 Nxd5 11. exd5 Ne7 12. c3 g6 13. g3 Bg7 14. Bg2 O-O 15. O-O b5 16. Nc2 a5 17. Re1 Qc7 18. Rc1 Qc4 19. Ra1 b4 20. cxb4 Bf5 21. Na3 Qxb4 22. Bd2 Qxb2 23. Nc4 Qd4 24. Nxd6 e4 25. Rc1 Qxd5 26. Nxe4 Qxa2 27. Bg5 Nd5 28. Nd6 Be6 29. Bxd5 Qxd5 30. Qxd5 Bxd5 31. Be7 a4 32. Bxf8 Bxf8 33. Re8 Rb6 34. Rd8 Rxd6 35. Rxd6 Bxd6 36. Rd1 Bxg3 37. Rxd5 Bc7 38. Rd4 a3 39. Rd3 Kg7 40. Rxa3 Be5 1/2-1/2

[Event "Hastings Challengers 1989/90"]
[Site "Hastings"]
[Date "1990.01.03"]
[Round "7"]
[White "Sahl, Bjarke Barth"]
[Black "Bykhovsky, Avigdor"]
[Result "0-1"]
[WhiteElo "2385"]
[BlackElo "2485"]
[PlyCount "78"]
[EventDate "1989.12.28"]
[EventType "swiss"]
[EventRounds "10"]
[EventCountry "ENG"]
[SourceTitle "BritBase"]
[Source "John Saunders"]
[SourceDate "2024.12.03"]
[SourceVersion "1"]
[SourceVersionDate "2024.12.03"]
[SourceQuality "1"]

1. d4 d5 2. Nf3 c6 3. e3 Bf5 4. Bd3 Bxd3 5. Qxd3 e6 6. O-O f5 7. Qb3 Qc8 8. Ng5 Na6 9. e4 fxe4 10. f3 h6 11. Nh3 g5 12. fxe4 dxe4 13. Nc3 Qd7 14. Be3 Bg7 15. Nxe4 O-O-O 16. c3 Qe7 17. Nhf2 Nf6 18. Nxf6 Qxf6 19. Rae1 Qf5 20. Bc1 Rhe8 21. Ne4 Qg6 22. a4 Rd7 23. Qc4 e5 24. dxe5 Bxe5 25. Nc5 Nxc5 26. Qxc5 Rde7 27. Qf2 Qd6 28. Kh1 b6 29. Rd1 Qg6 30. Qf3 Bc7 31. b4 Re4 32. b5 Rxa4 33. bxc6 Rae4 34. Qh3+ Qe6 35. Rd3 Qxh3 36. gxh3 R4e6 37. Ba3 Rxc6 38. Rf7 Re2 39. Kg1 Rc2 0-1

[Event "Hastings Challengers 1989/90"]
[Site "Hastings"]
[Date "1990.01.03"]
[Round "7"]
[White "Sorensen, Jan"]
[Black "Sher, Miron Naumovich"]
[Result "0-1"]
[WhiteElo "2335"]
[BlackElo "2470"]
[PlyCount "100"]
[EventDate "1989.12.28"]
[EventType "swiss"]
[EventRounds "10"]
[EventCountry "ENG"]
[SourceTitle "BritBase"]
[Source "John Saunders"]
[SourceDate "2024.12.03"]
[SourceVersion "1"]
[SourceVersionDate "2024.12.03"]
[SourceQuality "1"]

1. e4 c5 2. Nf3 d6 3. d4 Nf6 4. Nc3 cxd4 5. Nxd4 Nc6 6. Bc4 e6 7. Be3 a6 8. Bb3 Be7 9. f4 O-O 10. Qf3 Nxd4 11. Bxd4 b5 12. e5 dxe5 13. Bxe5 Ra7 14. O-O Rd7 15. Rad1 Qb6+ 16. Kh1 Bb7 17. Qe2 Rxd1 18. Nxd1 g6 19. c3 Rd8 20. Ne3 Qc6 21. Bd4 Rd7 22. Nc2 Qe4 23. Qf2 Ng4 24. Qg3 Nh6 25. Ne3 Nf5 26. Nxf5 Qxf5 27. Qf2 Bf6 28. Bxf6 Qxf6 29. Qe2 Kg7 30. Kg1 Bd5 31. Qd2 Rd8 32. Rd1 Bxb3 33. Qxd8 Bxd1 34. Qxd1 Qxf4 35. Qc2 Qe3+ 36. Kf1 Qf4+ 37. Kg1 Qe5 38. h3 Qc5+ 39. Kh1 e5 40. Qe4 h5 41. g4 hxg4 42. hxg4 Kf6 43. Kg2 Ke6 44. Kh3 Qd5 45. Qe3 Qxa2 46. Qb6+ Ke7 47. Qc7+ Kf6 48. g5+ Kf5 49. Qd8 Qe6 50. Kh4 Qc4+ 0-1

[Event "Hastings Challengers 1989/90"]
[Site "Hastings"]
[Date "1990.01.03"]
[Round "7"]
[White "Ward, Christopher G"]
[Black "Hebden, Mark L"]
[Result "0-1"]
[WhiteElo "2380"]
[BlackElo "2520"]
[PlyCount "76"]
[EventDate "1989.12.28"]
[EventType "swiss"]
[EventRounds "10"]
[EventCountry "ENG"]
[SourceTitle "BritBase"]
[Source "John Saunders"]
[SourceDate "2024.12.03"]
[SourceVersion "1"]
[SourceVersionDate "2024.12.03"]
[SourceQuality "1"]

1. c4 g6 2. Nc3 Bg7 3. e4 c5 4. g3 Nc6 5. Bg2 Nf6 6. Nge2 O-O 7. O-O Ne8 8. d3 Nc7 9. Rb1 Rb8 10. Be3 Nd4 11. b4 d6 12. f4 e5 13. Qd2 Be6 14. Nd5 Nxd5 15. cxd5 Bg4 16. Bxd4 cxd4 17. f5 gxf5 18. h3 Bxe2 19. Qxe2 Qg5 20. exf5 Qxg3 21. f6 Bh6 22. Qh5 Qg6 23. Qxg6+ fxg6 24. h4 Bf4 25. Bh3 Rxf6 26. Kg2 Rbf8 27. b5 b6 28. Rf3 Kg7 29. Be6 h5 30. Rb2 e4 31. dxe4 Be3 32. Rxf6 Kxf6 33. Rb1 Ke5 34. Rf1 Bf4 35. Rf3 Kxe4 36. Ra3 d3 37. Rb3 d2 38. Rb4+ Kd3 0-1